131_ Personnalités nées un 11 mai par images - Statistiques

Statistiques générales
  • Ce quiz a été pris 45 fois
  • Le résultat moyen est 6 sur 9
Statistiques - réponses
Par images Hint Réponse % Correct
Peintre Salvador Dali
100%
Chanteur Renaud
95%
Chanteuse Sabrina Carpenter
70%
Footballeur Andrés Iniesta
66%
Footballeur Thibaut Courtois
66%
Actrice Isabelle Mergault
61%
Acteur Benoît Magimel
55%
Athlète Pierre-Ambroise Bosse
50%
Politicienne Corinne Lepage
18%
Aucun quiz correspondant
Distribution des résultats
% des personnes avec chaque résultat
Percentile par nombre de réponses
Votre historique - résultats
Vous n’avez pas pris ce quiz